| 000 | 00699nam a2200133Ia 4500 | ||
|---|---|---|---|
| 008 | 171212s9999 xx 000 0 und d | ||
| 020 | _a9780833038654 | ||
| 100 | _aCarroll, Stephen J.;LaTourrette, Tom;Chow, Brian G.;Jones, Gregory S.;Martin, Craig | ||
| 245 |
_cCarroll, Stephen J.;LaTourrette, Tom;Chow, Brian G.;Jones, Gregory S.;Martin, Craig _aDistribution of Losses From Large Terrorist Attacks Under the Terrorism Risk Insurance Act |
||
| 260 |
_bRAND Corporation _c2005 |
||
| 650 | _aInsurance, Casualty -- Law and legislation -- United States; Risk management -- United States; Terrorism -- United States | ||
| 650 | _aPolitical Science | ||
| 856 | _uwww.jstor.org/stable/10.7249/mg427ctrmp | ||
| 999 |
_c351960 _d351960 |
||